[Event "XVIII Festival"]
[Site "Arco ITA"]
[Date "1996.10.??"]
[Round "1"]
[White "Borgo, Giulio"]
[Black "Nadenau, Oskar"]
[Result "1-0"]
[WhiteElo "2375"]
[BlackElo "2105"]
[PlyCount "113"]
[EventDate "1996.10.28"]

1. e4 g6 2. d4 Bg7 3. c3 d6 4. Bg5 Nf6 5. Nd2 h6 6. Bh4 c6 7. Be2 Qc7 8. Ngf3
Bg4 9. Qc2 Nbd7 10. a4 g5 11. Bg3 Nh5 12. Nf1 Ndf6 13. e5 Nd5 14. exd6 exd6 15.
Nxg5 Nxg3 16. Nxg3 Bxe2 17. Qxe2+ Kf8 18. N5e4 Re8 19. Qf3 Nf6 20. O-O Nxe4 21.
Nxe4 d5 22. Ng3 Re6 23. Rae1 Qe7 24. Re3 Qf6 25. Qe2 Qg6 26. f4 Rxe3 27. Qxe3
Bf6 28. f5 Qg5 29. Rf4 Rg8 30. Kf2 h5 31. h4 Qh6 32. Nf1 Kg7 33. g3 Kh7 34. Nd2
Rd8 35. Qe2 Rd7 36. Rf3 Re7 37. Re3 Rxe3 38. Qxe3 Qxe3+ 39. Kxe3 Kg7 40. Nb3
Be7 41. Na5 Kf6 42. Nxb7 Kxf5 43. Kf3 Ke6 44. b4 f5 45. Na5 Kd7 46. Nb3 Bd6 47.
Nc1 Bc7 48. Ne2 a5 49. bxa5 Bxa5 50. Kf4 Ke6 51. Kg5 Bd8+ 52. Kxh5 Kf6 53. g4
fxg4 54. Kxg4 Ba5 55. h5 Bc7 56. Nc1 Ba5 57. Nb3 1-0

[Event "XVIII Festival"]
[Site "Arco ITA"]
[Date "1996.10.??"]
[Round "1"]
[White "Fuggetta, Leonardo"]
[Black "Wohl, Aleksandar H."]
[Result "0-1"]
[WhiteElo "2105"]
[BlackElo "2400"]
[PlyCount "96"]
[EventDate "1996.10.28"]

1. Nf3 c5 2. g3 Nc6 3. Bg2 d5 4. d3 e5 5. Nbd2 Bd6 6. O-O Nge7 7. e4 d4 8. a4
Bg4 9. Nc4 Bc7 10. h3 Bh5 11. g4 Bg6 12. Nfxe5 Nxe5 13. Nxe5 Bxe5 14. f4 Bc7
15. f5 O-O 16. Bf4 f6 17. fxg6 Nxg6 18. Bxc7 Qxc7 19. Qf3 Ne5 20. Qg3 g5 21. h4
h6 22. hxg5 hxg5 23. Rf5 Kg7 24. Raf1 Rf7 25. Bf3 Rh8 26. Rf2 Rff8 27. Rh2 Rxh2
28. Kxh2 Rh8+ 29. Kg1 Kg6 30. c3 Qb6 31. Rxe5 fxe5 32. Qxe5 Qf6 33. Qf5+ Qxf5
34. exf5+ Kf6 35. cxd4 cxd4 36. Kg2 b6 37. Bd5 Ke5 38. Bc4 Kf4 39. f6 Rh6 40.
f7 Rf6 41. Be6 Ke3 42. Bc4 Kd2 43. Kg3 Kc2 44. Kg2 a6 45. Kg3 b5 46. axb5 axb5
47. Bxb5 Rxf7 48. Bc4 Rf4 0-1

[Event "XVIII Festival"]
[Site "Arco ITA"]
[Date "1996.10.??"]
[Round "1"]
[White "Gorelli Fagiolini, Marco"]
[Black "Tischbierek, Raj"]
[Result "0-1"]
[WhiteElo "2116"]
[BlackElo "2500"]
[PlyCount "52"]
[EventDate "1996.10.28"]

1. d4 e6 2. c4 b6 3. Nc3 Bb7 4. Nf3 Bb4 5. e3 f5 6. Bd3 Nf6 7. Qc2 O-O 8. Bd2
d6 9. Nb1 Bxf3 10. gxf3 Nc6 11. Nc3 Qe8 12. O-O-O e5 13. d5 Ne7 14. a3 Bxc3 15.
Bxc3 Qh5 16. Be2 Qh4 17. Rdf1 b5 18. b3 bxc4 19. bxc4 Rac8 20. Kb2 c6 21. dxc6
Rxc6 22. Qd2 Rfc8 23. Bb4 a5 24. Bxd6 Rd8 25. c5 Rxc5 26. Rc1 Rd5 0-1

[Event "XVIII Festival"]
[Site "Arco ITA"]
[Date "1996.10.??"]
[Round "1"]
[White "Sebastianelli, Diego"]
[Black "Dallaglio, Giovanni"]
[Result "1-0"]
[WhiteElo "2305"]
[BlackElo "2080"]
[PlyCount "127"]
[EventDate "1996.10.28"]

1. e4 c5 2. Nf3 g6 3. d4 Bg7 4. dxc5 Qa5+ 5. Nc3 Nf6 6. Bd3 O-O 7. O-O Qxc5 8.
Be3 Qh5 9. h3 d6 10. Be2 Qa5 11. Qd2 Nc6 12. a3 Be6 13. Rad1 Ne5 14. Nxe5 dxe5
15. Bd3 Rfd8 16. Nb5 Qxd2 17. Rxd2 Rd7 18. Rfd1 a6 19. Nc3 b5 20. g4 h5 21. f3
h4 22. Bg5 Nh7 23. Bxh4 g5 24. Bf2 Nf8 25. Be3 Bf6 26. a4 b4 27. Nd5 Bxd5 28.
exd5 Ng6 29. Bf5 Rd6 30. Bxg6 fxg6 31. Bc5 a5 32. Bxd6 exd6 33. Re1 Kf7 34. Re4
Bd8 35. Rc4 Bb6+ 36. Kg2 Bc5 37. Kg3 Rh8 38. Rh2 Kf6 39. Kg2 Rh7 40. Kf1 Rh8
41. Ke2 Bg1 42. Rh1 Bc5 43. Kd3 Ke7 44. Re4 Rf8 45. Rf1 Kd7 46. Kc4 Kc7 47. Kb5
Rh8 48. Kxa5 Rb8 49. Rh1 Bd4 50. h4 gxh4 51. Rxh4 Bb6+ 52. Ka6 Ra8+ 53. Kb5
Ra5+ 54. Kc4 Rc5+ 55. Kxb4 Rxd5 56. Rc4+ Bc5+ 57. Kc3 Kd7 58. b4 Be3 59. a5 Ke6
60. Rh1 Rb5 61. Kb3 Bd2 62. Rd1 Be3 63. c3 Kd7 64. Re4 1-0

[Event "XVIII Festival"]
[Site "Arco ITA"]
[Date "1996.10.??"]
[Round "1"]
[White "Wahls, Matthias"]
[Black "Lehmann, Holger"]
[Result "1-0"]
[WhiteElo "2540"]
[BlackElo "2185"]
[PlyCount "98"]
[EventDate "1996.10.28"]

1. e4 c5 2. Nf3 Nc6 3. d4 cxd4 4. Nxd4 Qb6 5. Nb3 Nf6 6. Nc3 e6 7. Bd3 Bb4 8.
O-O h6 9. Be3 Qd8 10. f4 Bxc3 11. bxc3 d6 12. c4 e5 13. f5 b6 14. Qf3 Nb8 15.
g4 Bb7 16. Nc1 Qc7 17. Rb1 Nbd7 18. Ne2 Nc5 19. Nc3 Ke7 20. Bd2 Bc6 21. Rbe1
Na4 22. Nd1 a5 23. Nf2 Nc5 24. h4 Kd8 25. Kg2 Kc8 26. Rh1 Kb7 27. g5 hxg5 28.
hxg5 Nfd7 29. Rh5 Rxh5 30. Qxh5 Nf8 31. Rh1 Qd7 32. Qf3 g6 33. fxg6 Nxg6 34.
Rh7 Rh8 35. Rxh8 Nxh8 36. Ng4 Ng6 37. Kg3 Ne6 38. Nf6 Qe7 39. Qh5 Nef4 40. Qh7
Kc7 41. Qh6 Kb7 42. Be3 Kc7 43. Qh1 Qe6 44. Bf1 Qc8 45. Qg1 Qh8 46. Bxb6+ Kb7
47. Bxa5 Ne2+ 48. Bxe2 Qh4+ 49. Kg2 Qxg5+ 1-0

[Event "XVIII Festival"]
[Site "Arco ITA"]
[Date "1996.10.??"]
[Round "1"]
[White "Wells, Peter K."]
[Black "Kievelitz, Bernd"]
[Result "1-0"]
[WhiteElo "2475"]
[BlackElo "2145"]
[PlyCount "71"]
[EventDate "1996.10.28"]

1. d4 Nf6 2. c4 e6 3. Nf3 b6 4. g3 Bb7 5. Bg2 Be7 6. Nc3 Ne4 7. Bd2 O-O 8. d5
exd5 9. Nxd5 Nxd2 10. Qxd2 Nc6 11. O-O Rb8 12. Rfd1 d6 13. Qc3 f5 14. Rd2 Bf6
15. Qc2 g6 16. Rad1 Qd7 17. h4 Bg7 18. b4 Ne5 19. e3 Nxf3+ 20. Bxf3 Kh8 21. Bg2
Ba8 22. Rd3 a5 23. bxa5 bxa5 24. Rb3 a4 25. Rxb8 Rxb8 26. Rb1 Rd8 27. Rb4 Bc6
28. a3 h6 29. Qb1 Kh7 30. h5 gxh5 31. Bh3 Kh8 32. Bxf5 Qf7 33. Nf4 Bc3 34. Rb8
Rxb8 35. Qxb8+ Kg7 36. Be6 1-0

[Event "XVIII Festival"]
[Site "Arco ITA"]
[Date "1996.10.??"]
[Round "1"]
[White "Wolf, Ulrich Martin"]
[Black "Sulava, Nenad"]
[Result "0-1"]
[WhiteElo "2145"]
[BlackElo "2430"]
[PlyCount "58"]
[EventDate "1996.10.28"]

1. e4 c5 2. Nf3 e6 3. c4 b6 4. Nc3 Bb7 5. Be2 Nf6 6. e5 Ne4 7. O-O f5 8. d3
Nxc3 9. bxc3 Bxf3 10. Bxf3 Nc6 11. d4 Rc8 12. d5 Nxe5 13. Re1 Bd6 14. Bf4 Nxf3+
15. Qxf3 Bxf4 16. Qxf4 O-O 17. dxe6 dxe6 18. Rxe6 Qd3 19. Qe5 Qxc4 20. Rd1 Qxa2
21. f3 Rf7 22. Rd5 Qb1+ 23. Kf2 Qc2+ 24. Kg3 f4+ 25. Kh3 Rcf8 26. Re7 Rxe7 27.
Qxe7 Qg6 28. g4 fxg3 29. hxg3 Qf7 0-1

[Event "XVIII Festival"]
[Site "Arco ITA"]
[Date "1996.10.??"]
[Round "1"]
[White "Zucchelli, Massimo"]
[Black "Sermek, Drazen"]
[Result "0-1"]
[WhiteElo "2190"]
[BlackElo "2550"]
[PlyCount "34"]
[EventDate "1996.10.28"]

1. d4 d5 2. Bg5 c5 3. Nc3 Nc6 4. dxc5 d4 5. Nb1 h6 6. Bd2 e5 7. e3 Bxc5 8. c3
Nf6 9. Bc4 O-O 10. Qc1 Ng4 11. Nf3 dxe3 12. fxe3 Qb6 13. Ke2 e4 14. Nd4 Nge5
15. Bb3 Bg4+ 16. Kf1 Nd3 17. Qc2 Nxd4 0-1

[Event "XVIII Festival"]
[Site "Arco ITA"]
[Date "1996.10.??"]
[Round "2"]
[White "Bevilacqua, Maurizio"]
[Black "Borgo, Giulio"]
[Result "0-1"]
[WhiteElo "2065"]
[BlackElo "2375"]
[PlyCount "77"]
[EventDate "1996.10.28"]

1. d4 Nf6 2. c4 c5 3. d5 b5 4. cxb5 a6 5. f3 axb5 6. e4 Qa5+ 7. Bd2 b4 8. Na3
d6 9. Nc4 Qd8 10. a3 bxa3 11. Rxa3 Rxa3 12. bxa3 Ba6 13. Ba5 Qc8 14. Qb3 Nfd7
15. f4 e6 16. dxe6 fxe6 17. Nf3 Be7 18. Ng5 d5 19. Nxe6 Nc6 20. exd5 Bxc4 21.
Qxc4 Nxa5 22. Qc3 Nb7 23. Be2 Bh4+ 24. g3 Bf6 25. Qe3 Kf7 26. Ng5+ Kf8 27. Ba6
Qa8 28. Qe6 Nd8 29. Qxd7 Qxa6 30. Qf5 Qa5+ 31. Kf2 Qd2+ 32. Kf3 h6 33. Ne6+ Ke7
34. Nxc5 Re8 35. Ne4 Qd3+ 36. Kg4 Kf8 37. Nxf6 Qe2+ 38. Kh3 gxf6 39. Qxf6+ 0-1

[Event "XVIII Festival"]
[Site "Arco ITA"]
[Date "1996.10.??"]
[Round "2"]
[White "Medancic, Rikard"]
[Black "Wahls, Matthias"]
[Result "0-1"]
[WhiteElo "2310"]
[BlackElo "2540"]
[PlyCount "52"]
[EventDate "1996.10.28"]

1. d4 Nf6 2. c4 e6 3. Nc3 Bb4 4. Qc2 c5 5. dxc5 O-O 6. Nf3 Na6 7. a3 Bxc3+ 8.
Qxc3 Nxc5 9. b4 Nce4 10. Qd4 d6 11. Nd2 e5 12. Qb2 Be6 13. Nxe4 Nxe4 14. e3 Rc8
15. c5 Qh4 16. g3 Qh5 17. Bg2 Ng5 18. f4 Nf3+ 19. Kf2 e4 20. Qe2 dxc5 21. Bxf3
exf3 22. Qxf3 Bg4 23. Qxb7 cxb4 24. Ra2 b3 25. Rd2 Rc2 26. Qxb3 Rxc1 0-1

[Event "XVIII Festival"]
[Site "Arco ITA"]
[Date "1996.10.??"]
[Round "2"]
[White "Sermek, Drazen"]
[Black "Sebastianelli, Diego"]
[Result "1-0"]
[WhiteElo "2550"]
[BlackElo "2305"]
[PlyCount "55"]
[EventDate "1996.10.28"]

1. e4 c5 2. c3 e6 3. Nf3 Nc6 4. d4 d5 5. exd5 exd5 6. Bb5 Bd6 7. dxc5 Bxc5 8.
O-O Nge7 9. Nbd2 O-O 10. Nb3 Bb6 11. Re1 Nf5 12. Bd3 Bc7 13. Bc2 g6 14. Bxf5
Bxf5 15. Bh6 Re8 16. Rxe8+ Qxe8 17. Qxd5 Be4 18. Qg5 Bxf3 19. gxf3 Rd8 20. Kg2
Qe2 21. Nd4 Qe5 22. Qxe5 Bxe5 23. Nxc6 bxc6 24. Re1 f6 25. Re4 g5 26. Bxg5 Bxc3
27. bxc3 fxg5 28. Re5 1-0

[Event "XVIII Festival"]
[Site "Arco ITA"]
[Date "1996.10.??"]
[Round "3"]
[White "Bonomi, Maurizio"]
[Black "Grosar, Kiti"]
[Result "1/2-1/2"]
[WhiteElo "2265"]
[BlackElo "2195"]
[PlyCount "85"]
[EventDate "1996.10.28"]

1. c4 Nf6 2. Nc3 g6 3. g3 Bg7 4. Bg2 d6 5. Nf3 O-O 6. O-O Nc6 7. d3 e5 8. Rb1
a5 9. a3 h6 10. b4 axb4 11. axb4 Be6 12. e4 Qd7 13. Nd5 Nh5 14. b5 Nd4 15. Nxd4
exd4 16. Bf3 Bxd5 17. exd5 Nf6 18. b6 Kh7 19. h4 h5 20. Re1 Rfe8 21. bxc7 Qxc7
22. Rxe8 Rxe8 23. Bf4 Nd7 24. Qa4 Be5 25. Bxe5 Rxe5 26. Qa1 Nc5 27. Qxd4 Qe7
28. Qc3 Qf6 29. d4 Re7 30. Bg2 Qf5 31. Re1 Na4 32. Qd2 Rc7 33. Rc1 Nb6 34. c5
Nxd5 35. cxd6 Rd7 36. Bxd5 Qxd5 37. Rc7 Rxd6 38. Qf4 Rd7 39. Rxd7 Qxd7 40. Qe5
Qe6 41. Qc5 b6 42. Qb4 f6 43. d5 1/2-1/2

[Event "XVIII Festival"]
[Site "Arco ITA"]
[Date "1996.10.??"]
[Round "3"]
[White "Genocchio, Daniele"]
[Black "Astengo, Marcello"]
[Result "1-0"]
[WhiteElo "2131"]
[BlackElo "2115"]
[PlyCount "67"]
[EventDate "1996.10.28"]

1. e4 e6 2. d4 d5 3. e5 c5 4. c3 Nc6 5. Be3 Nge7 6. Nf3 Nf5 7. Qd2 Qb6 8. Bd3
cxd4 9. cxd4 Bd7 10. O-O Rc8 11. Rc1 Bb4 12. Nc3 O-O 13. g4 Nfe7 14. a3 Bxc3
15. bxc3 Na5 16. Rab1 Qd8 17. Bg5 Ba4 18. h4 Nb3 19. Rxb3 Bxb3 20. Bf6 Qd7 21.
Rb1 Bc4 22. Bc2 Be2 23. Qxe2 Rxc3 24. Bg5 Rfc8 25. Rc1 Ng6 26. h5 Nf8 27. Ne1
Rxa3 28. h6 gxh6 29. Bf6 Rh3 30. Kg2 Rhc3 31. Qd2 Ng6 32. Qxh6 Nf4+ 33. Qxf4
Qe8 34. Qg5+ 1-0

[Event "XVIII Festival"]
[Site "Arco ITA"]
[Date "1996.10.??"]
[Round "3"]
[White "Wahls, Matthias"]
[Black "Sulava, Nenad"]
[Result "1/2-1/2"]
[WhiteElo "2540"]
[BlackElo "2430"]
[PlyCount "48"]
[EventDate "1996.10.28"]

1. e4 e6 2. d4 d5 3. Nd2 Nf6 4. e5 Ne4 5. Bd3 Nxd2 6. Bxd2 c5 7. Nf3 cxd4 8.
Nxd4 Qb6 9. Nb3 Nc6 10. Qe2 a5 11. a4 Qc7 12. f4 Nb4 13. Be3 Nxd3+ 14. Qxd3 b6
15. Qd2 Ba6 16. Kf2 Rc8 17. Rhc1 g5 18. f5 Qxe5 19. fxe6 Bd6 20. exf7+ Kxf7 21.
g3 Rhe8 22. Nd4 Kg6 23. Re1 h5 24. Kg1 h4 1/2-1/2

[Event "XVIII Festival"]
[Site "Arco ITA"]
[Date "1996.10.??"]
[Round "3"]
[White "Wells, Peter K."]
[Black "Sermek, Drazen"]
[Result "1/2-1/2"]
[WhiteElo "2475"]
[BlackElo "2550"]
[PlyCount "39"]
[EventDate "1996.10.28"]

1. d4 d5 2. c4 dxc4 3. Nf3 c5 4. d5 e6 5. Nc3 exd5 6. Qxd5 Qxd5 7. Nxd5 Bd6 8.
Nd2 Nc6 9. Nxc4 Bb8 10. g3 Nd4 11. Nce3 Ne7 12. Nxe7 Kxe7 13. Bd2 Rd8 14. Bg2
Bd6 15. Rc1 Be6 16. Nc4 Rac8 17. e3 Nc6 18. Nxd6 Kxd6 19. Bc3 f6 20. a3 1/2-1/2

[Event "XVIII Festival"]
[Site "Arco ITA"]
[Date "1996.10.??"]
[Round "4"]
[White "Borgo, Giulio"]
[Black "Wahls, Matthias"]
[Result "0-1"]
[WhiteElo "2375"]
[BlackElo "2540"]
[PlyCount "41"]
[EventDate "1996.10.28"]

1. e4 d5 2. exd5 Qxd5 3. Nc3 Qa5 4. d4 c6 5. Nf3 Nf6 6. Bc4 Bf5 7. Bd2 e6 8.
Ne4 Qc7 9. Ng3 Bg6 10. Qe2 Nbd7 11. O-O-O O-O-O 12. h4 Nh5 13. Ng5 Nxg3 14.
fxg3 Nf6 15. g4 h5 16. gxh5 Bxh5 17. Qe3 c5 18. Rde1 Rxd4 19. Qb3 Kb8 20. Bc3
Rd7 21. Re3 0-1

[Event "XVIII Festival"]
[Site "Arco ITA"]
[Date "1996.10.??"]
[Round "4"]
[White "Medancic, Rikard"]
[Black "Cattoni, Manuel"]
[Result "1/2-1/2"]
[WhiteElo "2310"]
[BlackElo "2065"]
[PlyCount "75"]
[EventDate "1996.10.28"]

1. b3 f5 2. Bb2 Nf6 3. c4 d6 4. f4 e5 5. fxe5 dxe5 6. g3 Bc5 7. e3 f4 8. Bxe5
fxe3 9. Bh3 Bxh3 10. Nxh3 Bd4 11. Bxd4 Qxd4 12. Nc3 O-O 13. Nf4 Ng4 14. Qe2
exd2+ 15. Qxd2 Re8+ 16. Nfe2 Qf2+ 17. Kd1 Nc6 18. Nf4 Qf3+ 19. Kc2 Nb4+ 20. Kb2
Rad8 21. Ncd5 Nxd5 22. cxd5 Ne3 23. Rae1 Qe4 24. Qc3 Qe5 25. Qxe5 Rxe5 26. h4
Rde8 27. Rc1 Nxd5 28. Nxd5 Rxd5 29. Rxc7 Re2+ 30. Ka3 Ra5+ 31. Kb4 Raxa2 32.
Rf1 h5 33. Rxb7 Re3 34. Rf5 Rxg3 35. Rxh5 a5+ 36. Kc4 Rd2 37. Rxa5 Rc2+ 38. Kb4
1/2-1/2

[Event "XVIII Festival"]
[Site "Arco ITA"]
[Date "1996.10.??"]
[Round "4"]
[White "Sermek, Drazen"]
[Black "Ortega, Lexy"]
[Result "1-0"]
[WhiteElo "2550"]
[BlackElo "2495"]
[PlyCount "63"]
[EventDate "1996.10.28"]

1. e4 c5 2. c3 d5 3. exd5 Qxd5 4. d4 Nf6 5. Nf3 Bg4 6. Be2 e6 7. Na3 Nc6 8. Be3
cxd4 9. Nb5 O-O-O 10. Nbxd4 Bc5 11. Qa4 Nxd4 12. cxd4 Bb6 13. O-O Bxf3 14. Bxf3
Qd7 15. Qb3 Nd5 16. a4 Bc7 17. Rfc1 Kb8 18. g3 Ka8 19. Rc5 Bb8 20. Rac1 h5 21.
Rxd5 exd5 22. Rc5 Qf5 23. Bxd5 Rxd5 24. Qxd5 Qb1+ 25. Kg2 h4 26. h3 Re8 27. Rb5
Re7 28. g4 Qc2 29. Rc5 Qxa4 30. Rc8 Rc7 31. Rxb8+ Kxb8 32. Qd8+ 1-0

[Event "XVIII Festival"]
[Site "Arco ITA"]
[Date "1996.10.??"]
[Round "4"]
[White "Sprotte, Norbert"]
[Black "De Eccher, Stefano"]
[Result "1/2-1/2"]
[WhiteElo "2240"]
[BlackElo "2280"]
[PlyCount "74"]
[EventDate "1996.10.28"]

1. d4 f5 2. g3 Nf6 3. Bg2 g6 4. Nf3 Bg7 5. O-O O-O 6. Bf4 d6 7. c3 h6 8. Qb3+
Kh7 9. Nbd2 Nc6 10. d5 Ne5 11. Nc4 Nxc4 12. Qxc4 e5 13. dxe6 Qe7 14. Nd2 Bxe6
15. Qd3 d5 16. Be5 Rad8 17. b4 Ne4 18. Bd4 b6 19. b5 Rfe8 20. Nf3 Nc5 21. Qc2
Bd7 22. Bxg7 Kxg7 23. Nd4 Ne6 24. a4 Qc5 25. Qd2 c6 26. Rfb1 Rc8 27. e3 Re7 28.
h4 Nxd4 29. cxd4 Qd6 30. bxc6 Bxc6 31. a5 b5 32. Qb4 Qxb4 33. Rxb4 a6 34. Rc1
Rcc7 35. Rb2 Bb7 36. Rxc7 Rxc7 37. Kf1 Kf6 1/2-1/2

[Event "XVIII Festival"]
[Site "Arco ITA"]
[Date "1996.10.??"]
[Round "4"]
[White "Tischbierek, Raj"]
[Black "Wells, Peter K."]
[Result "1-0"]
[WhiteElo "2500"]
[BlackElo "2475"]
[PlyCount "89"]
[EventDate "1996.10.28"]

1. e4 c5 2. Nf3 Nc6 3. d4 cxd4 4. Nxd4 Nf6 5. Nc3 e5 6. Ndb5 d6 7. Bg5 a6 8.
Na3 b5 9. Bxf6 gxf6 10. Nd5 Bg7 11. Bd3 Ne7 12. Nxe7 Qxe7 13. c4 f5 14. O-O O-O
15. Re1 fxe4 16. Bxe4 Rb8 17. cxb5 axb5 18. Qe2 Be6 19. Rad1 Rfc8 20. Nxb5 Bc4
21. Bd3 Bxb5 22. Bxb5 Qe6 23. a4 d5 24. Kh1 f5 25. f3 Kh8 26. Qd3 Rd8 27. Qb3
Rd6 28. Rd2 e4 29. g4 f4 30. fxe4 dxe4 31. Qxe6 Rxe6 32. Rde2 e3 33. Kg2 Rf8
34. Rf1 Rg6 35. h3 h5 36. Bd3 Rg5 37. Kf3 Be5 38. Bf5 Rb8 39. a5 Rg7 40. Rd1
Ra7 41. Rd5 Bxb2 42. Bd3 hxg4+ 43. hxg4 Kg7 44. Rh2 Rh8 45. Rxb2 1-0

[Event "XVIII Festival"]
[Site "Arco ITA"]
[Date "1996.10.??"]
[Round "4"]
[White "Zlochevskij, Alexander"]
[Black "Grosar, Kiti"]
[Result "1/2-1/2"]
[WhiteElo "2415"]
[BlackElo "2195"]
[PlyCount "70"]
[EventDate "1996.10.28"]

1. e4 c5 2. Nf3 g6 3. d4 cxd4 4. Nxd4 Bg7 5. Nc3 Nc6 6. Be3 Nf6 7. Be2 O-O 8.
f4 d6 9. O-O Qb6 10. Qd3 Ng4 11. Nd5 Bxd4 12. Bxg4 Bxe3+ 13. Qxe3 Qxe3+ 14.
Nxe3 Bxg4 15. Nxg4 Rfc8 16. Rf2 Na5 17. Ne3 Kf8 18. Rd1 Rc6 19. g3 Rac8 20. Re2
b5 21. c3 Nb7 22. Nc2 a5 23. a3 e6 24. Kf2 Ke7 25. Kf3 Nc5 26. Ne3 Rb6 27. Red2
Na4 28. g4 b4 29. cxb4 axb4 30. axb4 Rcc6 31. e5 d5 32. Ra1 Rxb4 33. Rxd5 Rxb2
34. Rd6 Rc3 35. Rxa4 Rbb3 1/2-1/2

[Event "XVIII Festival"]
[Site "Arco ITA"]
[Date "1996.10.??"]
[Round "5"]
[White "De Eccher, Stefano"]
[Black "Grosar, Kiti"]
[Result "0-1"]
[WhiteElo "2280"]
[BlackElo "2195"]
[PlyCount "70"]
[EventDate "1996.10.28"]

1. e4 c5 2. Nf3 d6 3. d4 cxd4 4. Nxd4 Nf6 5. Nc3 Nc6 6. Bc4 Qb6 7. Nb3 e6 8.
O-O a6 9. Bg5 Ne5 10. Be2 Be7 11. Kh1 h5 12. h3 Bd7 13. Be3 Qc7 14. Nd2 b5 15.
f4 Ng6 16. a3 Bc6 17. Bd3 h4 18. Be2 Qb7 19. Bf3 a5 20. Qe2 Rc8 21. e5 dxe5 22.
fxe5 Nxe5 23. Bxc6+ Qxc6 24. Nxb5 Nh5 25. Bf2 Nf4 26. Qe4 Qxe4 27. Nxe4 Rxc2
28. Bd4 Ned3 29. Rad1 Rh5 30. Nbd6+ Bxd6 31. Nxd6+ Ke7 32. Be3 Rd5 33. Ne4 Ne2
34. Bg5+ Rxg5 35. Rxd3 Re5 0-1

[Event "XVIII Festival"]
[Site "Arco ITA"]
[Date "1996.10.??"]
[Round "5"]
[White "Gaborit, Jean-Pierre"]
[Black "Sulava, Nenad"]
[Result "1/2-1/2"]
[WhiteElo "2245"]
[BlackElo "2430"]
[PlyCount "79"]
[EventDate "1996.10.28"]

1. d4 e6 2. c4 b6 3. Nf3 Bb7 4. g3 Bb4+ 5. Bd2 Bxf3 6. exf3 Bxd2+ 7. Qxd2 Nf6
8. Bg2 d5 9. O-O Nc6 10. f4 Ne7 11. Nc3 c6 12. cxd5 cxd5 13. Rfc1 O-O 14. Rc2
Nf5 15. Nd1 Ne4 16. Qd3 Ned6 17. Ne3 Rc8 18. Rac1 Rxc2 19. Rxc2 Qf6 20. Rc6 Rd8
21. Qa3 Nb5 22. Qa6 Nfd6 23. Nc2 h6 24. Qa4 g5 25. fxg5 hxg5 26. Qb4 a5 27. Qb3
Rd7 28. a4 Nxd4 29. Nxd4 Qxd4 30. Rxb6 Nc4 31. Rb8+ Kg7 32. h3 e5 33. Qf3 Qa7
34. Re8 Re7 35. Rxe7 Qxe7 36. Qxd5 Nxb2 37. Qxa5 Qd6 38. Qb5 Qd4 39. Qd5 Qxd5
40. Bxd5 1/2-1/2

[Event "XVIII Festival"]
[Site "Arco ITA"]
[Date "1996.10.??"]
[Round "5"]
[White "Genocchio, Daniele"]
[Black "Medancic, Rikard"]
[Result "1-0"]
[WhiteElo "2131"]
[BlackElo "2310"]
[PlyCount "99"]
[EventDate "1996.10.28"]

1. e4 e5 2. Nf3 Nc6 3. d4 exd4 4. Nxd4 Nge7 5. Bc4 Nxd4 6. Qxd4 Nc6 7. Qd5 Qf6
8. O-O d6 9. Nc3 Be7 10. Nb5 Bd8 11. Bg5 Qe6 12. Bxd8 Kxd8 13. Qg5+ Qf6 14.
Qxf6+ gxf6 15. Bxf7 a6 16. Nc3 Ne5 17. Bb3 c6 18. Rad1 Ke7 19. Rd2 Rd8 20. Ne2
a5 21. a3 Nd7 22. Ba2 Nc5 23. f3 Na4 24. Bb3 Nc5 25. Ba2 Kd7 26. Kf2 Kc7 27. g4
Na4 28. c3 Nc5 29. Ke3 b5 30. Rfd1 Nb7 31. h4 h6 32. Nd4 b4 33. Be6 bxc3 34.
bxc3 Re8 35. Bxc8 Raxc8 36. Nf5 d5 37. Nxh6 Nd6 38. Kf4 Rh8 39. g5 fxg5+ 40.
hxg5 Rcf8+ 41. Kg3 Nc4 42. Re2 dxe4 43. Rxe4 Nxa3 44. f4 Nb5 45. c4 Nc3 46.
Re7+ Kb6 47. Rd3 Na4 48. Ng4 Nc5 49. Rd1 Rhg8 50. Nh6 {...} 1-0

[Event "XVIII Festival"]
[Site "Arco ITA"]
[Date "1996.10.??"]
[Round "5"]
[White "Ortega, Lexy"]
[Black "Wohl, Aleksandar H."]
[Result "0-1"]
[WhiteElo "2495"]
[BlackElo "2400"]
[PlyCount "94"]
[EventDate "1996.10.28"]

1. d4 Na6 2. e4 c6 3. c4 d6 4. Nc3 e5 5. Nf3 Bg4 6. Be2 Bxf3 7. Bxf3 Be7 8. d5
c5 9. Qb3 Qb6 10. Qxb6 axb6 11. Be3 g6 12. a3 Bf8 13. Na4 Nc7 14. Nxb6 Ra6 15.
b4 cxb4 16. Be2 Rxa3 17. Rxa3 bxa3 18. Kd2 Bh6 19. Ra1 Bxe3+ 20. Kxe3 Nf6 21.
Rxa3 Ke7 22. c5 dxc5 23. Nc4 Ncxd5+ 24. exd5 Nxd5+ 25. Kd2 Rd8 26. Ra7 Nf4+ 27.
Ke1 Nxg2+ 28. Kf1 Nf4 29. Rxb7+ Ke6 30. Rb6+ Kd5 31. Ne3+ Ke4 32. Bc4 f5 33.
Rb1 Kf3 34. Rb3 Ke4 35. f3+ Kd4 36. Kf2 e4 37. Rb1 Nd3+ 38. Ke2 exf3+ 39. Kxf3
Re8 40. Nxf5+ gxf5 41. Bxd3 Kxd3 42. Rd1+ Kc2 43. Rd5 c4 44. Rxf5 Re7 45. h4 c3
46. h5 Kd1 47. Rd5+ Kc1 0-1

[Event "XVIII Festival"]
[Site "Arco ITA"]
[Date "1996.10.??"]
[Round "5"]
[White "Rossi, Giampiero"]
[Black "Grosar, Aljosa"]
[Result "0-1"]
[WhiteElo "2105"]
[BlackElo "2485"]
[PlyCount "78"]
[EventDate "1996.10.28"]

1. d4 Nf6 2. c4 e6 3. Nc3 Bb4 4. Qc2 c5 5. dxc5 Na6 6. a3 Qa5 7. Bd2 Nxc5 8.
Nf3 Bxc3 9. Bxc3 Qa4 10. Qxa4 Nxa4 11. Bd4 b6 12. b3 Nc5 13. Nd2 d6 14. f3 e5
15. Bb2 Be6 16. e4 Ke7 17. Be2 g5 18. Kf2 g4 19. Rac1 Rhg8 20. b4 Ncd7 21. Nb1
gxf3 22. gxf3 Nh5 23. Rhd1 Nf4 24. Bf1 Rac8 25. Rd2 Rg6 26. Nc3 Rh6 27. Ke1 Rg8
28. Nd5+ Kd8 29. Nxf4 exf4 30. c5 bxc5 31. bxc5 dxc5 32. Rxc5 Ke7 33. Rc7 Rg1
34. Bd4 Rh1 35. Rxa7 Bh3 36. Rf2 Rc6 37. Bb2 Bxf1 38. Rxf1 Rxh2 39. Rb7 Rcc2
0-1

[Event "XVIII Festival"]
[Site "Arco ITA"]
[Date "1996.10.??"]
[Round "5"]
[White "Wahls, Matthias"]
[Black "Sermek, Drazen"]
[Result "1-0"]
[WhiteElo "2540"]
[BlackElo "2550"]
[PlyCount "107"]
[EventDate "1996.10.28"]

1. e4 e6 2. d4 d5 3. Nd2 Nf6 4. e5 Nfd7 5. f4 c5 6. Ngf3 Nc6 7. Bd3 Qb6 8. dxc5
Nxc5 9. Nb3 Bd7 10. c3 a5 11. Be3 a4 12. Nxc5 Bxc5 13. Bxc5 Qxc5 14. Qd2 O-O
15. a3 f6 16. exf6 Rxf6 17. O-O-O Na5 18. Kb1 Bb5 19. Bxb5 Qxb5 20. Ne5 Ra6 21.
g3 Rb6 22. Qc2 Ra6 23. Rhe1 Nc4 24. Nxc4 Qxc4 25. Rd4 Qc6 26. c4 Ra5 27. Re5
Qb6 28. Qd2 Rf8 29. cxd5 exd5 30. Rdxd5 Rxd5 31. Qxd5+ Kh8 32. Qc5 Qg6+ 33. f5
Qf6 34. Qe7 h5 35. Qxf6 Rxf6 36. Rb5 b6 37. h3 Kh7 38. g4 Kh6 39. Rb4 Kg5 40.
Rxa4 h4 41. Rc4 Rf8 42. a4 Re8 43. Rc3 Re4 44. b3 Re2 45. b4 Kf4 46. Rb3 Re4
47. Ka2 Re2+ 48. Ka3 Re1 49. a5 b5 50. Rc3 Rb1 51. Ka2 Rxb4 52. a6 Rd4 53. a7
Rd8 54. Ra3 1-0

[Event "XVIII Festival"]
[Site "Arco ITA"]
[Date "1996.10.??"]
[Round "5"]
[White "Wells, Peter K."]
[Black "Borgo, Giulio"]
[Result "1-0"]
[WhiteElo "2475"]
[BlackElo "2375"]
[PlyCount "47"]
[EventDate "1996.10.28"]

1. d4 Nf6 2. Nf3 c5 3. d5 g6 4. Nc3 Bg7 5. e4 d6 6. Bb5+ Nfd7 7. a4 Na6 8. O-O
Nc7 9. Bc4 O-O 10. Re1 a6 11. Bf4 Rb8 12. a5 b5 13. axb6 Nxb6 14. Bf1 Bb7 15.
Qd2 Qd7 16. Bh6 Rbd8 17. b4 e6 18. Bxg7 Kxg7 19. bxc5 dxc5 20. Rab1 Nca8 21.
Ne5 Qc7 22. Ng4 f5 23. exf5 exd5 24. Nb5 1-0

[Event "XVIII Festival"]
[Site "Arco ITA"]
[Date "1996.10.??"]
[Round "5"]
[White "Zlochevskij, Alexander"]
[Black "Cugini, Verter"]
[Result "1-0"]
[WhiteElo "2415"]
[BlackElo "2255"]
[PlyCount "87"]
[EventDate "1996.10.28"]

1. d4 d6 2. e4 Nf6 3. Nc3 g6 4. Be3 Bg7 5. f3 O-O 6. Qd2 e5 7. dxe5 dxe5 8.
O-O-O Qxd2+ 9. Rxd2 c6 10. Bc4 b6 11. a4 Ba6 12. Ba2 Nbd7 13. Nh3 h6 14. Rhd1
Nc5 15. b4 Ne6 16. Bxe6 fxe6 17. Nf2 Bc4 18. Nb1 Rfc8 19. Na3 b5 20. a5 Bf8 21.
Bc5 Bxc5 22. bxc5 Kf7 23. Ng4 Nxg4 24. fxg4 Kf6 25. h4 Rc7 26. Nxc4 bxc4 27.
Rd7 Rxd7 28. Rxd7 c3 29. Rh7 Rb8 30. Rxh6 Kg7 31. g5 Rb5 32. g4 Rxa5 33. Kd1
Ra1+ 34. Ke2 Rg1 35. h5 gxh5 36. gxh5 Rxg5 37. Rxe6 Rxh5 38. Rxc6 Rh2+ 39. Kd3
Rh3+ 40. Kc4 Re3 41. Rd6 Rxe4+ 42. Kd5 Rh4 43. c6 Rh8 44. c7 1-0